000 01421nam0a22002651 4500
001 rc\2301787
005 20260406152217.0
035 _a(NLR Aleph) 006570087
090 _a6935451
_c6935451
100 _a20110829d1977 u y0rusy50 ca
101 0 _arus
102 _aRU
105 _ay z |||a|
200 1 _aОлеся
_eРассказы
_fА.И. Куприн
_g[Послесл. В. Заровной]
210 _aХабаровск
_cКн. изд-во
_d1977
215 _a256 с.
_d20
327 1 _aСодерж.: Дознание; Куст сирени; Allez!; Чудесный доктор; Олеся; Тапер; Сентиментальный роман; Осенние цветы; Белый пудель; Леночка; Святая ложь; Гранатовый браслет
464 0 _12001#$aДознание$aКуст сирени$aAllez!$aЧудесный доктор$aОлеся$aТапер$aСентиментальный роман$aОсенние цветы$aБелый пудель$aЛеночка$aСвятая ложь$aГранатовый браслет
_tГранатовый браслет
700 1 _8rus
_7ca
_aКуприн
_bА. И.
_cписатель
_f1870-1938
_gАлександр Иванович
_3RU\NLR\AUTH\775766
_9115725
801 0 _aRU
_bNLR
_gpsbo
801 1 _aRU
_bELAR
_2rusmarc
852 _aNLR
_j77-3/7800
899 _aRuMoRGB
_jБ 77-45/186
942 _cBOOK
980 _aNB